Advanced differential equation (Record no. 36100)
[ view plain ]
| 000 -LEADER | |
|---|---|
| fixed length control field | 00391nam a22001577a 4500 |
| 003 - CONTROL NUMBER IDENTIFIER | |
| control field | OSt |
| 005 - DATE AND TIME OF LATEST TRANSACTION | |
| control field | 20241028124456.0 |
| 008 - FIXED-LENGTH DATA ELEMENTS--GENERAL INFORMATION | |
| fixed length control field | 241028b |||||||| |||| 00| 0 eng d |
| 020 ## - INTERNATIONAL STANDARD BOOK NUMBER | |
| International Standard Book Number | 9789355014672 |
| 040 ## - CATALOGING SOURCE | |
| Transcribing agency | |
| 082 ## - DEWEY DECIMAL CLASSIFICATION NUMBER | |
| Edition number | 20 |
| Classification number | 515.35 |
| Item number | RAI |
| 245 ## - TITLE STATEMENT | |
| Title | Advanced differential equation |
| Statement of responsibility, etc. | Raisinghania,M.D |
| 250 ## - EDITION STATEMENT | |
| Edition statement | 20 |
| 260 ## - PUBLICATION, DISTRIBUTION, ETC. | |
| Name of publisher, distributor, etc. | S.Chand |
| Date of publication, distribution, etc. | 2022 |
| 942 ## - ADDED ENTRY ELEMENTS (KOHA) | |
| Source of classification or shelving scheme | Dewey Decimal Classification |
| Koha item type | BOOK |
| Edition | 20 |
| Call number prefix | 515.35 |
| Call number suffix | RAI |
| Suppress in OPAC | No |
| Withdrawn status | Lost status | Source of classification or shelving scheme | Damaged status | Not for loan | Collection | Home library | Current library | Date acquired | Cost, normal purchase price | Inventory number | Total Checkouts | Full call number | Barcode | Date last seen | Price effective from | Koha item type |
|---|---|---|---|---|---|---|---|---|---|---|---|---|---|---|---|---|
| Dewey Decimal Classification | Mathematics | Fr. Agnel's C.Rodrigues College of Engineering | Fr. Agnel's C.Rodrigues College of Engineering | 28/10/2024 | 895.00 | AO/24/10/572 dt 22.10.2024 | 515.35/RAI | 26514 | 28/10/2024 | 28/10/2024 | BOOK |